Gulbadan : (Record no. 105925)
[ view plain ]
| 000 -LEADER | |
|---|---|
| fixed length control field | 00634nam a22002057a 4500 |
| 005 - DATE AND TIME OF LATEST TRANSACTION | |
| control field | 20170131120712.0 |
| 010 ## - LCCN (DPL NO) | |
| LC control number | ENG-117130 |
| 020 ## - INTERNATIONAL STANDARD BOOK NUMBER | |
| International Standard Book Number | 9789386050236 |
| Terms of availability | 399.00 |
| 035 ## - SYSTEM CONTROL NUMBER | |
| System control number | EN-100662 |
| 037 ## - SOURCE OF ACQUISITION | |
| Source of stock number/acquisition | DBAD/PUB |
| 082 ## - DEWEY DECIMAL CLASSIFICATION NUMBER | |
| Classification number | 921 |
| 100 ## - MAIN ENTRY--PERSONAL NAME | |
| Personal name | Godden,Rumer |
| 245 ## - TITLE STATEMENT | |
| Title | Gulbadan : |
| Statement of responsibility, etc | by Rumer Godden |
| Remainder of title | Portrait of a princess at the mughal court / |
| 260 ## - PUBLICATION, DISTRIBUTION, ETC. (IMPRINT) | |
| Place of publication, distribution, etc | New Delhi |
| Name of publisher, distributor, etc | Speaking Tiger |
| Date of publication, distribution, etc | 2016 |
| 270 ## - ADDRESS | |
| Address | 4381/4, Ansari Road,Daryaganj, |
| City | New Delhi |
| Postal code | 110002 |
| 300 ## - PHYSICAL DESCRIPTION | |
| Extent | 167p. |
| Dimensions | 20cm(Hb) |
| 490 ## - SERIES STATEMENT | |
| Series statement | A Ruskin Bond Selection |
| 500 ## - GENERAL NOTE | |
| General note | Includes Bibliographical references |
| 942 ## - ADDED ENTRY ELEMENTS (KOHA) | |
| Source of classification or shelving scheme | Dewey Decimal Classification |
| Item type | English Books |
| Classification part | 921 |
| Call number suffix | GOD |
| Withdrawn status | Lost status | Not for loan | Collection code | Home library | Current library | Date acquired | Source of acquisition | Cost, normal purchase price | Full call number | Barcode | Copy number | Cost, replacement price | Koha item type |
|---|---|---|---|---|---|---|---|---|---|---|---|---|---|
| Not For Loan | Non-fiction | D.B.Act.Division | Bawana | 20/01/2017 | DBAD/PUB | 399.00 | 921 GOD | EN-100662 | 1 | 399.00 | English Books |
